=LDR 00000nam 2200000 4500 =001 001005 =005 20250712023956 =035 ##$$a 0010-0725000884 =007 ta =008 250712################a##########0#ind## =020 ##$$a 978-602-437-774-8 =082 ##$$a 398. 209 598 =084 ##$$a 398. 209 598 IMA t =100 #$$a Imanda, Puspa =245 1#$$a Tarik! Dorong! /$c Puspa Im =250 ##$$a Cetakan Pertama =260 ##$$a Jakarta Timur :$b Badan Pengembangan dan Pembinaan Bahasa,$c 2024 =300 ##$$a 28 hlm. : $b Ilus. ; $c 29,7 cm =650 #4$$a Cerita Anak-Indonesia =650 #4$$a Kesusastraan Anak =990 ##$$a TBM2024006250